Das Neue Testament /

Gespeichert in:
Bibliographische Detailangaben
Weitere Verfasser: Rösch, Konstantin (comentarios y traducción) (comentarios y traducción)
Format: Buch
Sprache:German
Schlagworte:
Tags: Tag hinzufügen
Keine Tags, Fügen Sie das erste Tag hinzu!

MARC

LEADER 00000nam^a2200000^a^4500
001 000358332
005 20250521000000.0
009 20260310115326.515
037 |a Acervo Xavier Clavigero 
041 |a ALE 
082 |a 225.  |b NEU FER 
240 1 1 |a [Biblia. Nuevo Testamento] 
245 0 4 |a Das Neue Testament /  |c Comentarios y tr. por K. Rösch. 
264 |a Paderborn, Alemania :  |b Ferdinand Schöningh,  |c 1946 
300 |a 555 p. 
336 |a texto  |b txt  |2 rdacontenido 
337 |a sin mediación  |b n  |2 rdamedio 
338 |a volumen  |b nc  |2 rdasoporte 
649 |a XX 
650 |a Biblia -  |x Nuevo Testamento -  |x Tema Principal 
650 |a Libros Sagrados 
650 |a Cristianismo 
650 |a Religión 
700 |a Rösch, Konstantin  |e (comentarios y traducción) 
910 |a Fondo General 
920 |a Impresos - Libros 
930 |a Colección General 
905 |a 101 
901 |a 002264  |b IT1  |c ACC  |u 20250521 
902 |a https://opac.biblio.iteso.mx/vufind/Record/000358332